000 00541nam a2200193Ia 4500
005 20250508151240.0
008 008 250505s9999 xx 000 0 eng d
037 _aTextual
040 _aFEDL
_beng
_cFEDL
041 _aeng
_2eng
084 _a371.92, ING
_qFEDL
100 _aIngram Christine P
_9758688
245 0 _aEducation of the slow-learning child
250 _a2nd
260 _aNew York, USA
_bThe Ronald Press Company
_c1953
300 _aix,359p.
942 _cTEXL
_h371.92, ING
999 _c1328614
_d1328614